|
|
|
|
| LEADER |
00000nam a22000007a 4500 |
| 005 |
20210427225338.0 |
| 007 |
cr|||| |||| |
| 008 |
210427s2019 co |||||s|||| 00||0 spa d |
| 020 |
|
|
|a 978-958-665-542-2
|
| 035 |
|
|
|a 33241
|
| 040 |
|
|
|a vLex
|
| 090 |
|
|
|c 11539
|d 11539
|
| 100 |
1 |
|
|a de Gamboa, Camila
|
| 245 |
1 |
0 |
|a Cartografa̕s del mal
|h [Recurso electrn̤ico] :
|b Los contextos violentos de nuestro tiempo /
|c Camila de Gamboa, Cristina Sǹchez
|
| 256 |
|
|
|a Servicio en ln̕ea
|
| 260 |
|
|
|a Bogot:̀
|b Siglo del Hombre Editores,
|c 2019
|
| 300 |
|
|
|a 1 recurso electrn̤ico
|
| 500 |
|
|
|a Este libro es el resultado de cuatro aǫs de investigacin̤ y reflexin̤ colectivas de acadm̌icos y acadm̌icas de varios pas̕es: Espaą, Colombia, Chile, Alemania y Argentina. El volumen se compone de diez artc̕ulos donde se analizan, desde diversas disciplinas, las ml︢tiples formas del mal contemporǹeo que afectan a nuestras instituciones sociales, polt̕icas y jurd̕icas y se manifiestan en ellas, as ̕como en las identidades de los ciudadanos en dichas sociedades. Se pretende cartografiar algunos de los males pasados y presentes, y proponer un anl̀isis transversal de los males contemporǹeos en bs︢queda del imperativo ťico de -nunca ms̀-.
|
| 506 |
1 |
|
|a Disponible solo en los productos indicados
|d vLex Global
|d vLex Global (Academic Edition, excluding Law Schools)
|d vLex Global (U.S. Academic Edition, Law Schools)
|d vLex Global (U.S. Academic Edition, excluding Law Schools)
|d vLex Global (Academic Edition, Law Schools)
|
| 650 |
0 |
4 |
|a Ciencias sociales
|z Colombia
|
| 650 |
0 |
4 |
|a Humanidades
|z Colombia
|
| 700 |
1 |
|
|a Sǹchez, Cristina
|
| 740 |
0 |
|
|a vLex Libros (Servicio en ln̕ea)
|
| 856 |
4 |
0 |
|u https://vlex.com/source/cartografias-del-mal-los-contextos-violentos-de-nuestro-tiempo-33241
|z Acceso restringido
|
| 942 |
|
|
|c BOOK
|
| 999 |
0 |
|
|a Social Sciences
|
| 999 |
0 |
|
|a Humanities
|